<?xml version="1.0" encoding="UTF-8"?>
<collection xmlns="http://www.loc.gov/MARC21/slim">
 <record>
  <leader>01431nam a2200217Ia 4500</leader>
  <controlfield tag="001">TDMU_15211</controlfield>
  <controlfield tag="008">210410s9999    xx            000 0 und d</controlfield>
  <datafield tag="082" ind1=" " ind2=" ">
   <subfield code="a">959.702007</subfield>
  </datafield>
  <datafield tag="090" ind1=" " ind2=" ">
   <subfield code="b">L250</subfield>
  </datafield>
  <datafield tag="100" ind1=" " ind2=" ">
   <subfield code="a">Lê, Thị Thanh Hòa</subfield>
  </datafield>
  <datafield tag="245" ind1=" " ind2="0">
   <subfield code="a">Nhà nước Phong kiến Việt Nam với việc sử dụng các đại khoa học vị tiến sĩ (1075-1919)</subfield>
  </datafield>
  <datafield tag="245" ind1=" " ind2="0">
   <subfield code="c">TS. Lê Thị Thanh Hòa</subfield>
  </datafield>
  <datafield tag="260" ind1=" " ind2=" ">
   <subfield code="a">H.</subfield>
  </datafield>
  <datafield tag="260" ind1=" " ind2=" ">
   <subfield code="b">Khoa học Xã hội</subfield>
  </datafield>
  <datafield tag="260" ind1=" " ind2=" ">
   <subfield code="c">2011</subfield>
  </datafield>
  <datafield tag="300" ind1=" " ind2=" ">
   <subfield code="a">576tr.</subfield>
  </datafield>
  <datafield tag="520" ind1=" " ind2=" ">
   <subfield code="a">Nghiên cứu những giá trị truyền thống của dân tộc trong việc sử dụng người có học vấn cao (tiến sĩ) vào công việc chính sự của đất nước ở nhà nước Phong kiến Việt Nam, từ khoa thi đầu tiên 1075 dưới triều Lý đến khoa thi cuối cùng 1919 dưới triều Nguyễn.; TM tài liệu tham khảo tr.570-573</subfield>
  </datafield>
  <datafield tag="650" ind1=" " ind2=" ">
   <subfield code="a">Tiến sĩ; Nhà nước phong kiến</subfield>
   <subfield code="z">Việt Nam</subfield>
   <subfield code="x">Khoa thi; Lịch sử Việt Nam</subfield>
   <subfield code="y">Nhà nước phong kiến (1075-1919); Sử dụng nhân tài</subfield>
   <subfield code="x">Tiến sĩ</subfield>
   <subfield code="y">Nhà nước phong kiến</subfield>
   <subfield code="z">Việt Nam</subfield>
  </datafield>
  <datafield tag="700" ind1=" " ind2=" ">
   <subfield code="a">Viện khoa học Xã hội Việt Nam</subfield>
  </datafield>
  <datafield tag="856" ind1=" " ind2=" ">
   <subfield code="u">http://lrc.tdmu.edu.vn/opac/search/detail.asp?aID=2&amp;ID=15211</subfield>
  </datafield>
  <datafield tag="980" ind1=" " ind2=" ">
   <subfield code="a">Trung tâm Học liệu Trường Đại học Thủ Dầu Một</subfield>
  </datafield>
 </record>
</collection>
